| 000 | 01079nam a22003138a 4500 | ||
|---|---|---|---|
| 001 | 1497256 | ||
| 003 | CO-ViMGA | ||
| 005 | 20230915233613.0 | ||
| 008 | 160503s2015 ck a gr 000 0 spa d | ||
| 020 | _a9789583049934 | ||
| 040 |
_aCO-ViMGA _bspa _cCO-ViMGA |
||
| 041 | 1 | _heng | |
| 082 | 0 | 4 |
_a613.19 _bC78a _221 |
| 100 | 1 |
_aCrummenerl, Rainer. _994 |
|
| 245 | 1 | 0 |
_aAire y agua / _cRainer Crummenerl ; ilustrador Gerd Ohnesorge ; traductora Blanca Jimenez. |
| 250 | _aEditor Leonardo Realpe Bolaños. | ||
| 260 |
_aBogot :̀ _bPanamericana Editorial, _c2015. |
||
| 300 |
_a48 pag̀inas : _bilustraciones ; _c28 cm. |
||
| 490 | 1 | _aComo y porqué | |
| 504 | _aIncluye índice. | ||
| 534 |
_pTítulo original : _tLuft und wasser. |
||
| 650 | 1 | 4 |
_aAgua _v Literatura juvenil. _9889 |
| 650 | 1 | 4 |
_aAire _v Literatura juvenil. _9888 |
| 650 | 1 | 4 |
_aCiencias naturales _v Literatura juvenil. _9890 |
| 700 | 1 |
_aJimenez, Blanca, _etraductora. _9105 |
|
| 700 | 1 |
_aOhnesorge, Gerd, _eilustrador. _9793 |
|
| 700 | 1 |
_aRealpe Bolaños, Leonardo, _eeditor. _9572 |
|
| 942 |
_2ddc _cBK |
||
| 999 |
_c37326 _d37326 |
||